Traumatology and orthopedics (Запись № 12734755)

Подробности
000 -МАРКЕР
контрольное поле 03727nam0a2200481 4500
001 - ИДЕНТИФИКАТОР ЗАПИСИ
контрольное поле RU\NLR\BIBL_A\016219800
005 - ИДЕНТИФИКАТОР ВЕРСИИ
контрольное поле 20250625000107.0
010 ## - МЕЖДУНАРОДНЫЙ СТАНДАРТНЫЙ НОМЕР КНИГИ (ISBN)
Номер (ISBN) 978-5-9704-7465-5
Тираж 700
021 ## - НОМЕР ГОСУДАРСТВЕННОЙ РЕГИСТРАЦИИ
Код страны российская федерация
Номер КН-П-22-076206
035 ## - ДРУГИЕ СИСТЕМНЫЕ НОМЕРА
Идентификатор записи (RuMoRGB)011331164
035 ## - ДРУГИЕ СИСТЕМНЫЕ НОМЕРА
Идентификатор записи (NLR Aleph) 016219800
100 ## - ДАННЫЕ ОБЩЕЙ ОБРАБОТКИ
Данные общей обработки 20221025d2023 |||y0rusy50 ca
101 1# - ЯЗЫК РЕСУРСА
Язык текста, звукозаписи и т.д. английский
Язык оригинала русский
102 ## - СТРАНА ПУБЛИКАЦИИ ИЛИ ПРОИЗВОДСТВА
Страна публикации российская федерация
105 ## - ПОЛЕ КОДИРОВАННЫХ ДАННЫХ: ТЕКСТОВЫЕ МАТЕРИАЛЫ, МОНОГРАФИЧЕСКИЕ
Кодированные данные о монографическом текстовом документе a j 001zy
181 #0 - ПОЛЕ КОДИРОВАННЫХ ДАННЫХ: ВИД СОДЕРЖАНИЯ
Код вида содержания (ISBD) i
Код характеристики содержания (ISBD) axxe
182 #0 - ПОЛЕ КОДИРОВАННЫХ ДАННЫХ: ТИП СРЕДСТВА
Код типа средства (ISBD) n - непосредственное
200 1# - ЗАГЛАВИЕ И СВЕДЕНИЯ ОБ ОТВЕТСТВЕННОСТИ
Основное заглавие Traumatology and orthopedics
Параллельное заглавие Травматология и ортопедия
Сведения, относящиеся к заглавию [для вузов] по специальностям 31.05.01 "Лечебное дело", 31.05.02 "Педиатрия", 32.05.01 "Медико-профилактическое дело"
Первые сведения об ответственности A. V. Garkavi, A. V. Lychagin
Последующие сведения об ответственности Federal state autonomous educational institution of higher education I. M. Sechenov First Moscow state medical university of the Ministry of health of the Russian Federation (Sechenov university)
Язык параллельного заглавия русский
203 ## - ВИД СОДЕРЖАНИЯ И ТИП СРЕДСТВА
Вид содержания Текст
Дополнительные сведения об издании визуальный
Тип средства непосредственный
210 ## - ПУБЛИКАЦИЯ, РАСПРОСТРАНЕНИЕ И ДР.
Место издания, распространения и т.д. Moscow
Имя издателя, распространителя и т. д. GEOTAR-Media
Дата издания, распространения и т.д. 2023
215 ## - ФИЗИЧЕСКАЯ ХАРАКТЕРИСТИКА
Специфическое обозначение материала и объем 781 с.
Другие сведения о физической характеристике ил.
Размеры 25
225 1# - СЕРИЯ
Основное заглавие серии Textbook
Параллельное заглавие серии Учебник
Язык параллельного заглавия русский
300 ## - ОБЩИЕ ПРИМЕЧАНИЯ
Текст примечания Авт. также на рус. яз.: А. В. Гаркави, А. В. Лычагин
300 ## - ОБЩИЕ ПРИМЕЧАНИЯ
Текст примечания На обороте тит. с. авт: Garkavi A. V., Lychagin A. V., Kavalerskiy G. M. [et al.]
320 ## - ПРИМЕЧАНИЯ О НАЛИЧИИ В ДОКУМЕНТЕ БИБЛИОГРАФИИ / УКАЗАТЕЛЯ
Текст примечания Указ.: с. 771-781
330 ## - РЕЗЮМЕ ИЛИ РЕФЕРАТ
Текст примечания В учебнике рассмотрены общие и частные вопросы травматологии и ортопедии, представлены современные методы диагностики, консервативного и оперативного лечения повреждений и заболеваний опорно-двигательной системы у взрослых и детей. Материал содержит поясняющие иллюстрации, схемы ориентировочной основы действий врача в догоспитальном и госпитальном периодах, вопросы для самоконтроля. Учебник написан в соответствии с требованиями федеральных государственных образовательных стандартов высшего образования по специальностям "Лечебное дело", "Педиатрия", "Медико-профилактическое дело". Издание рекомендовано студентам организаций высшего медицинского профессионального образования
510 1# - ПАРАЛЛЕЛЬНОЕ ЗАГЛАВИЕ
Связь между полями z45790
Параллельное заглавие Травматология и ортопедия
Язык заглавия русский
606 1# - НАИМЕНОВАНИЕ ТЕМЫ КАК ПРЕДМЕТ
Наименование темы Травматология
Формальный подзаголовок Учебники для высших учебных заведений
Системный номер авторитетной/нормативной записи 973318
Идентификатор авторитетной/нормативной записи RU\NLR\AUTH\6646560
606 1# - НАИМЕНОВАНИЕ ТЕМЫ КАК ПРЕДМЕТ
Наименование темы Ортопедия
Формальный подзаголовок Учебники для высших учебных заведений
Системный номер авторитетной/нормативной записи 973305
Идентификатор авторитетной/нормативной записи RU\NLR\AUTH\6646553
675 ## - УНИВЕРСАЛЬНАЯ ДЕСЯТИЧНАЯ КЛАССИФИКАЦИЯ (UDC/УДК)
Индекс 617(075.8)
Издание 4
686 1# - ИНДЕКСЫ ДРУГИХ КЛАССИФИКАЦИЙ
Индекс Р458я73-1
700 #1 - ИМЯ ЛИЦА - ПЕРВИЧНАЯ ОТВЕТСТВЕННОСТЬ
Начальный элемент ввода Garkavi
Часть имени, кроме начального элемента ввода A. V.
Расширение инициалов личного имени Andrej Vladimirovič
701 #1 - ИМЯ ЛИЦА - АЛЬТЕРНАТИВНАЯ ОТВЕТСТВЕННОСТЬ
Графика поля Латинская
Материалы, к которым относится поле rus
Начальный элемент ввода Lyčagin
Часть имени, кроме начального элемента ввода A. V.
Расширение инициалов личного имени Aleksej Vladimirovič
Системный номер авторитетной/нормативной записи 250581
Идентификатор авторитетной/нормативной записи RU\NLR\AUTH\770250637
790 #1 - ИМЯ ЛИЦА - АЛЬТЕРНАТИВНАЯ ФОРМА
Связь между полями z45
Начальный элемент ввода Гаркави
Часть имени, кроме начального элемента ввода А. В.
Расширение инициалов личного имени Андрей Владимирович
790 #1 - ИМЯ ЛИЦА - АЛЬТЕРНАТИВНАЯ ФОРМА
Графика поля Кириллица
Материалы, к которым относится поле rus
Начальный элемент ввода Лычагин
Часть имени, кроме начального элемента ввода А. В.
Расширение инициалов личного имени Алексей Владимирович
Системный номер авторитетной/нормативной записи 250579
Идентификатор авторитетной/нормативной записи RU\NLR\AUTH\770250635
801 #0 - ИСТОЧНИК ЗАПИСИ
Страна российская федерация
Организация RuMoRKP
Дата составления 20221025
Правила каталогизации PSBO
801 #1 - ИСТОЧНИК ЗАПИСИ
Страна российская федерация
Организация RuMoRGB
Дата составления 20221025
801 #2 - ИСТОЧНИК ЗАПИСИ
Страна российская федерация
Организация RuMoRGB
Дата составления 20221027
Правила каталогизации PSBO
942 ## - ДОПОЛНИТЕЛЬНЫЕ ЭЛЕМЕНТЫ ЗАПИСИ (АБИС)
Тип экземпляра АБИС Книга
980 ## - КОЛЛЕКЦИЯ
Название коллекции Национальная библиография
Экземпляры
Тип экземпляра Дата поступления Источник поступления Стоимость Библиотека постоянного хранения Библиотека текущего хранения Место хранения Шифр хранения Штрих-код Статус не для выдачи
Книга 28.11.2022 Обязательный экземпляр 0.00 РНБ (Московский) РНБ (Московский) Иностранный книжный фонд Ик 2022-7/762 1-4065376